[Event "San Francisco Grey Memorial"]
[Site "San Francisco"]
[Date "2017.08.08"]
[Round "1"]
[White "Chen, Mingson"]
[Black "Cunningham, Charles"]
[Result "1-0"]
[WhiteElo "1900"]
[BlackElo "1377"]
[PlyCount "37"]
[EventDate "2017.08.08"]
[EventType "swiss"]
[EventRounds "9"]
[EventCountry "USA"]
[SourceTitle "EXT 2023"]
[Source "ChessBase"]
[SourceDate "2022.10.05"]
[SourceVersion "1"]
[SourceVersionDate "2022.10.05"]
[SourceQuality "1"]

1. e4 e6 2. d4 b6 3. Nf3 h6 4. Bd3 Bb7 5. 0-0 c5 6. c3 Nf6 7. Re1 Qc7 8. Nbd2 cxd4 9. cxd4 Be7 10. Nf1 d5 11. e5 Nh7 12. Bd2 Ng5 13. Rc1 Qd7 14. Ng3 Nxf3+ 15. Qxf3 Qa4 16. Rc7 Nc6 17. Rxb7 Kd8 18. Qxf7 Qxd4 19. Qxe6 1-0

[Event "San Francisco Benson Memorial"]
[Site "San Francisco"]
[Date "2016.08.09"]
[Round "2"]
[White "Chen, Mingson"]
[Black "Otterbach, Renate"]
[Result "1-0"]
[WhiteElo "1903"]
[BlackElo "1261"]
[PlyCount "47"]
[EventDate "2016.08.02"]
[EventType "swiss"]
[EventRounds "9"]
[EventCountry "USA"]
[SourceTitle "EXT 2018"]
[Source "ChessBase"]
[SourceDate "2017.10.13"]
[SourceVersion "1"]
[SourceVersionDate "2017.10.13"]
[SourceQuality "1"]

1. d4 d5 2. c4 e6 3. Nc3 Nf6 4. Nf3 c5 5. e3 Nc6 6. a3 a5 7. dxc5 Bxc5 8. cxd5 exd5 9. Nb5 0-0 10. Be2 Re8 11. 0-0 b6 12. b3 Bf8 13. Bb2 Ba6 14. Bxf6 gxf6 15. Nbd4 Nxd4 16. Nxd4 Bxe2 17. Qxe2 Qd7 18. Rfc1 f5 19. Qf3 Bh6 20. Nxf5 Bf8 21. Rd1 Re5 22. Qg3+ Kh8 23. Qxe5+ Kg8 24. Rxd5 1-0

[Event "San Francisco TNM Summer op"]
[Site "San Francisco"]
[Date "2016.07.05"]
[Round "7"]
[White "Bannan, Frank"]
[Black "Chen, Mingson"]
[Result "0-1"]
[WhiteElo "1935"]
[BlackElo "1900"]
[PlyCount "50"]
[EventDate "2016.05.24"]
[EventType "swiss"]
[EventRounds "8"]
[EventCountry "USA"]
[SourceTitle "EXT 2018"]
[Source "ChessBase"]
[SourceDate "2017.10.13"]
[SourceVersion "1"]
[SourceVersionDate "2017.10.13"]
[SourceQuality "1"]

1. e4 e6 2. d4 d5 3. Nc3 Nf6 4. Bg5 dxe4 5. Nxe4 Nbd7 6. Nf3 Be7 7. Nxf6+ Bxf6 8. Bxf6 Qxf6 9. Qd2 c5 10. 0-0-0 0-0 11. Bd3 cxd4 12. Nxd4 Nc5 13. Qe2 b6 14. f3 Bb7 15. Rhe1 Rad8 16. Nb3 Nxd3+ 17. Rxd3 Rxd3 18. Qxd3 Qf4+ 19. Kb1 Bd5 20. Rd1 Rc8 21. Nd2 Qxh2 22. c4 Bc6 23. Ne4 h6 24. g4 Qe5 25. Re1 f5 0-1

[Event "San Francisco TNM Jay Whitehead op"]
[Site "San Francisco"]
[Date "2014.09.16"]
[Round "7"]
[White "Chen, Mingson"]
[Black "Handler, Andrew Todd"]
[Result "1/2-1/2"]
[WhiteElo "1900"]
[BlackElo "1652"]
[PlyCount "86"]
[EventDate "2014.08.05"]
[EventType "swiss"]
[EventRounds "9"]
[EventCountry "USA"]
[SourceTitle "EXT 2016"]
[Source "ChessBase"]
[SourceDate "2015.10.08"]
[SourceVersion "1"]
[SourceVersionDate "2015.10.08"]
[SourceQuality "1"]

1. e4 c5 2. Nf3 Nc6 3. d4 cxd4 4. Nxd4 g6 5. c4 Bg7 6. Be3 Nf6 7. Nc3 0-0 8. Be2 d6 9. Rc1 a6 10. 0-0 Bd7 11. f3 Rb8 12. Qd2 Nxd4 13. Bxd4 b5 14. Nd5 Nxd5 15. cxd5 Rc8 16. Be3 Rxc1 17. Rxc1 Qb8 18. b3 Rc8 19. Rc2 Rxc2 20. Qxc2 Qc8 21. Qxc8+ Bxc8 22. Kf2 e6 23. dxe6 fxe6 24. Bf4 Bd4+ 25. Be3 Bc3 26. Bb6 Kf7 27. Ke3 e5 28. Kd3 Bb4 29. Be3 Be6 30. Kc2 d5 31. exd5 Bxd5 32. Bd3 Ke6 33. a4 bxa4 34. bxa4 a5 35. Bd2 Bxd2 36. Kxd2 Kd6 37. Kc3 Kc5 38. h4 Bc6 39. Bc2 Bd5 40. Bd3 Bc6 41. Bc2 Bd5 42. Bd3 Bc6 43. Bc2 Bd5 1/2-1/2

[Event "San Francisco TNM Jay Whitehead op"]
[Site "San Francisco"]
[Date "2014.08.20"]
[Round "3"]
[White "Chen, Mingson"]
[Black "Eytan, David"]
[Result "1-0"]
[WhiteElo "1900"]
[BlackElo "1496"]
[PlyCount "55"]
[EventDate "2014.08.05"]
[EventType "swiss"]
[EventRounds "9"]
[EventCountry "USA"]
[SourceTitle "EXT 2016"]
[Source "ChessBase"]
[SourceDate "2015.10.08"]
[SourceVersion "1"]
[SourceVersionDate "2015.10.08"]
[SourceQuality "1"]

1. d4 f5 2. g3 Nf6 3. Bg2 e6 4. Nf3 c6 5. 0-0 d5 6. c4 Bd6 7. Qc2 0-0 8. Nbd2 Bc7 9. b3 f4 10. Ba3 Bd6 11. Bxd6 Qxd6 12. Rad1 fxg3 13. hxg3 Nbd7 14. e4 Qe7 15. Rfe1 dxe4 16. Nxe4 Nxe4 17. Qxe4 Nf6 18. Qe2 Ng4 19. Bh3 e5 20. Bg2 Qc7 21. dxe5 Nxf2 22. Qxf2 Bg4 23. Rd4 Bxf3 24. Bxf3 g5 25. Qe3 h6 26. Bg4 Rae8 27. Rd7 Qb8 28. Qd3 1-0

[Event "San Francisco TNM Jay Whitehead op"]
[Site "San Francisco"]
[Date "2014.08.14"]
[Round "2"]
[White "Nagarajan, Pranav"]
[Black "Chen, Mingson"]
[Result "1-0"]
[WhiteElo "2157"]
[BlackElo "1900"]
[PlyCount "40"]
[EventDate "2014.08.05"]
[EventType "swiss"]
[EventRounds "9"]
[EventCountry "USA"]
[SourceTitle "EXT 2016"]
[Source "ChessBase"]
[SourceDate "2015.10.08"]
[SourceVersion "1"]
[SourceVersionDate "2015.10.08"]
[SourceQuality "1"]

1. d4 e6 2. c4 d5 3. Nc3 c5 4. cxd5 cxd4 5. Qa4+ Bd7 6. Qxd4 exd5 7. Qxd5 Nc6 8. Nf3 Nf6 9. Qd1 Bc5 10. e3 Qe7 11. Be2 0-0 12. 0-0 Rfd8 13. a3 Be6 14. Qa4 a6 15. b4 Ba7 16. Bb2 b5 17. Qxa6 Rdc8 18. Qxb5 Rab8 19. Qg5 h6 20. Qf4 Bf5 1-0

[Event "San Francisco Neil Falconer op"]
[Site "San Francisco"]
[Date "2013.09.10"]
[Round "6"]
[White "Hakobyan, Sos"]
[Black "Chen, Mingson"]
[Result "0-1"]
[WhiteElo "1844"]
[BlackElo "1900"]
[PlyCount "104"]
[EventDate "2013.08.06"]
[EventType "swiss"]
[EventRounds "9"]
[EventCountry "USA"]
[SourceTitle "EXT 2016"]
[Source "ChessBase"]
[SourceDate "2015.10.08"]
[SourceVersion "1"]
[SourceVersionDate "2015.10.08"]
[SourceQuality "1"]

1. e4 e5 2. Nf3 Nc6 3. Bc4 Bc5 4. c3 Nf6 5. d3 a6 6. b4 Ba7 7. Nbd2 d6 8. h3 Ne7 9. Qb3 0-0 10. Qd1 c6 11. Bb3 Ng6 12. Nf1 Be6 13. Bc2 h6 14. Be3 Nf4 15. Bxf4 exf4 16. Qd2 g5 17. N1h2 Nd7 18. Ng4 Kg7 19. c4 f6 20. a4 b5 21. cxb5 cxb5 22. axb5 axb5 23. 0-0 Ne5 24. Ngxe5 fxe5 25. Qc3 Qf6 26. Qc7+ Rf7 27. Qxd6 Bb8 28. Qc6 Rxa1 29. Rxa1 Bd7 30. Qxf6+ Rxf6 31. Bb3 Rc6 32. Ra8 Bd6 33. Ra7 Rc7 34. Rxc7 Bxc7 35. Ne1 Kf6 36. Kf1 h5 37. Ke2 Bd6 38. Nc2 g4 39. hxg4 hxg4 40. Kd2 Bc7 41. g3 Bb6 42. Ke2 Bc7 43. gxf4 exf4 44. Bd5 g3 45. fxg3 fxg3 46. d4 Bg4+ 47. Ke3 Bd1 48. e5+ Bxe5 49. Ne1 Bd6 50. Nd3 Kg5 51. Nc5 Bf4+ 52. Kd3 Kg4 0-1

[Event "San Francisco Neil Falconer op"]
[Site "San Francisco"]
[Date "2013.08.20"]
[Round "3"]
[White "Chen, Mingson"]
[Black "Flores Gomez, David"]
[Result "1-0"]
[WhiteElo "1900"]
[BlackElo "1641"]
[PlyCount "55"]
[EventDate "2013.08.06"]
[EventType "swiss"]
[EventRounds "9"]
[EventCountry "USA"]
[SourceTitle "EXT 2016"]
[Source "ChessBase"]
[SourceDate "2015.10.08"]
[SourceVersion "1"]
[SourceVersionDate "2015.10.08"]
[SourceQuality "1"]

1. Nf3 Nf6 2. d4 e6 3. Bg5 Be7 4. c4 c5 5. Nc3 0-0 6. e3 b6 7. Bd3 Bb7 8. 0-0 d6 9. Rc1 Nbd7 10. Qc2 h6 11. Bh4 Ng4 12. Bg3 h5 13. Ne4 Ndf6 14. h3 Nh6 15. Bf4 Kh8 16. Rfd1 Nxe4 17. Bxe4 d5 18. dxc5 f5 19. Bd3 Rc8 20. Ne5 Qe8 21. c6 Bxc6 22. cxd5 Bb7 23. Qe2 Rxc1 24. Rxc1 Bxd5 25. Bb5 Qd8 26. Ng6+ Kh7 27. Nxf8+ Qxf8 28. Qxh5 1-0

[Event "Paris-ch op-B 87th"]
[Site "Paris"]
[Date "2012.07.09"]
[Round "3"]
[White "Gauthier, Adrien"]
[Black "Chen, Mingson"]
[Result "1-0"]
[WhiteElo "1913"]
[BlackElo "1866"]
[PlyCount "89"]
[EventDate "2012.07.07"]
[EventType "swiss"]
[EventRounds "9"]
[EventCountry "FRA"]
[SourceTitle "EXT 2013"]
[Source "ChessBase"]
[SourceDate "2012.11.22"]
[SourceVersion "1"]
[SourceVersionDate "2012.11.22"]
[SourceQuality "1"]

1. e4 e5 2. Nf3 Nc6 3. d4 exd4 4. Nxd4 Bc5 5. Be3 Qf6 6. c3 Nge7 7. Bc4 Ne5 8. Be2 Qg6 9. 0-0 d6 10. f3 0-0 11. Kh1 Bb6 12. Nd2 f5 13. a4 f4 14. Bf2 a6 15. a5 Ba7 16. Nc4 Kh8 17. b4 Bd7 18. Nb3 N7c6 19. Bxa7 Rxa7 20. Nxe5 Nxe5 21. c4 Be6 22. Qc2 Raa8 23. b5 Qf7 24. Nd2 Rfd8 25. Rfd1 Kg8 26. Kg1 Rac8 27. bxa6 bxa6 28. c5 Ra8 29. Rab1 Nd7 30. cxd6 cxd6 31. Rb7 Qf6 32. Rc7 Qd4+ 33. Kf1 Nc5 34. Nc4 Qf6 35. Nxd6 Bb3 36. Qxc5 Bxd1 37. Qc4+ Kh8 38. Nf7+ Kg8 39. Nxd8+ Kh8 40. Nf7+ Kg8 41. Nh6+ Kh8 42. Rc8+ Qf8 43. Rxf8+ Rxf8 44. Qg8+ Rxg8 45. Nf7# 1-0

[Event "San Francisco TNM Spring op"]
[Site "San Francisco"]
[Date "2011.04.12"]
[Round "5"]
[White "Chen, Mingson"]
[Black "Traub, Igor Vladimirovich"]
[Result "1/2-1/2"]
[WhiteElo "1904"]
[BlackElo "2134"]
[PlyCount "21"]
[EventDate "2011.03.15"]
[EventType "swiss"]
[EventRounds "8"]
[EventCountry "USA"]
[SourceTitle "EXT 2012"]
[Source "ChessBase"]
[SourceDate "2011.11.24"]
[SourceVersion "1"]
[SourceVersionDate "2011.11.24"]
[SourceQuality "1"]

1. c4 e5 2. d3 f5 3. a3 Nf6 4. Nc3 d5 5. cxd5 Nxd5 6. Nf3 Nc6 7. g3 Be7 8. Bg2 0-0 9. Qb3 Be6 10. Qxb7 Na5 11. Qa6 1/2-1/2

[Event "San Francisco TNM Spring op"]
[Site "San Francisco"]
[Date "2011.04.05"]
[Round "4"]
[White "Alzhin, Leonid"]
[Black "Chen, Mingson"]
[Result "0-1"]
[WhiteElo "1673"]
[BlackElo "1904"]
[PlyCount "81"]
[EventDate "2011.03.15"]
[EventType "swiss"]
[EventRounds "8"]
[EventCountry "USA"]
[SourceTitle "EXT 2012"]
[Source "ChessBase"]
[SourceDate "2011.11.24"]
[SourceVersion "1"]
[SourceVersionDate "2011.11.24"]
[SourceQuality "1"]

1. d4 Nf6 2. Nf3 e6 3. e3 d5 4. c4 c5 5. cxd5 exd5 6. dxc5 Bxc5 7. Be2 Nc6 8. 0-0 0-0 9. Nc3 a6 10. Na4 Ba7 11. b3 d4 12. exd4 Nxd4 13. Ba3 Nxe2+ 14. Qxe2 Re8 15. Qc2 Bg4 16. Ng5 Rc8 17. Qb1 Qa5 18. Nxf7 Kxf7 19. Bb2 Qf5 20. Nc3 Qxb1 21. Raxb1 b5 22. h3 Bf5 23. Rbd1 b4 24. Nd5 Nxd5 25. Rxd5 Be6 26. Rd6 Rc2 27. Rxa6 Re7 28. Be5 Bc8 29. Ra5 Bc5 30. Bf4 Ree2 31. Be3 Bxe3 32. fxe3+ Kg6 33. Rd1 Rxg2+ 34. Kf1 Rgf2+ 35. Kg1 Rg2+ 36. Kf1 Rcf2+ 37. Ke1 Re2+ 38. Kf1 Rgf2+ 39. Kg1 h6 40. e4 Bxh3 41. Re5 0-1

[Event "San Francisco TNM Spring op"]
[Site "San Francisco"]
[Date "2011.03.23"]
[Round "2"]
[White "Wong, Russell"]
[Black "Chen, Mingson"]
[Result "1-0"]
[WhiteElo "2200"]
[BlackElo "1904"]
[PlyCount "25"]
[EventDate "2011.03.15"]
[EventType "swiss"]
[EventRounds "8"]
[EventCountry "USA"]
[SourceTitle "EXT 2012"]
[Source "ChessBase"]
[SourceDate "2011.11.24"]
[SourceVersion "1"]
[SourceVersionDate "2011.11.24"]
[SourceQuality "1"]

1. e4 c5 2. Nf3 d6 3. d4 cxd4 4. Nxd4 Nf6 5. Nc3 e6 6. Be3 a6 7. a4 Be7 8. Be2 Nc6 9. 0-0 Bd7 10. Nb3 Qc7 11. f4 0-0 12. Bf3 Rac8 13. Ne2 1-0

[Event "San Francisco TNM Spring op"]
[Site "San Francisco"]
[Date "2011.03.15"]
[Round "1"]
[White "Chen, Mingson"]
[Black "Hilliard, Michael"]
[Result "1-0"]
[WhiteElo "1904"]
[BlackElo "1478"]
[PlyCount "69"]
[EventDate "2011.03.15"]
[EventType "swiss"]
[EventRounds "8"]
[EventCountry "USA"]
[SourceTitle "EXT 2012"]
[Source "ChessBase"]
[SourceDate "2011.11.24"]
[SourceVersion "1"]
[SourceVersionDate "2011.11.24"]
[SourceQuality "1"]

1. e4 c6 2. Nc3 d5 3. Nf3 dxe4 4. Nxe4 Nd7 5. Bc4 e6 6. 0-0 Ngf6 7. d3 Be7 8. a4 0-0 9. a5 Nxe4 10. dxe4 Qc7 11. Qe2 Bd6 12. Rd1 Ne5 13. Nxe5 Bxe5 14. Qh5 g6 15. Qh4 b5 16. axb6 Qxb6 17. Ra3 f5 18. Rh3 Qc7 19. exf5 gxf5 20. Re1 Bf6 21. Qh5 Qf7 22. Qe2 Re8 23. Re3 Rb8 24. c3 Rb7 25. Bxe6 Bxe6 26. Rxe6 Rbe7 27. Rxe7 Rxe7 28. Qd1 Rxe1+ 29. Qxe1 Qe7 30. Qxe7 Bxe7 31. Be3 a5 32. Kf1 a4 33. Ke2 c5 34. Kd3 Kf7 35. Kc4 1-0

[Event "San Francisco TNM Peter Grey op"]
[Site "San Francisco"]
[Date "2010.09.07"]
[Round "6"]
[White "Chen, Mingson"]
[Black "Shakhnazarov, Oleg"]
[Result "0-1"]
[WhiteElo "1911"]
[BlackElo "2175"]
[PlyCount "86"]
[EventDate "2010.08.03"]
[EventType "swiss"]
[EventRounds "9"]
[EventCountry "USA"]
[SourceTitle "EXT 2012"]
[Source "ChessBase"]
[SourceDate "2011.11.24"]
[SourceVersion "1"]
[SourceVersionDate "2011.11.24"]
[SourceQuality "1"]

1. c4 e6 2. d4 Be7 3. Nf3 d6 4. Nc3 g5 5. h3 Nd7 6. e3 h5 7. Be2 c6 8. Qc2 Nh6 9. g3 e5 10. dxe5 dxe5 11. e4 g4 12. hxg4 Nxg4 13. Nh4 Qb6 14. Nd1 Ndf6 15. f3 Bb4+ 16. Kf1 Nh6 17. a3 Be7 18. Be3 Qc7 19. Qd2 Nhg8 20. Nc3 Be6 21. Rd1 Rd8 22. Qc1 Rd4 23. Kg2 Rh7 24. Rxd4 exd4 25. Bxd4 Rg7 26. f4 c5 27. Be5 Qb6 28. Nd5 Qc6 29. Bf3 Bg4 30. Qe3 Qa4 31. b3 Qc6 32. Nxe7 Nxe7 33. Rd1 Bxf3+ 34. Nxf3 Ng4 35. Qd3 f6 36. Bc3 Kf7 37. Nh4 Rg8 38. Qf3 f5 39. Rd5 Nxd5 40. cxd5 Qb6 41. Nxf5 c4 42. b4 h4 43. Kh3 Qg1 0-1

[Event "San Francisco TNM Peter Grey op"]
[Site "San Francisco"]
[Date "2010.08.31"]
[Round "5"]
[White "Chen, Mingson"]
[Black "Chalissery, Jossy"]
[Result "1-0"]
[WhiteElo "1911"]
[BlackElo "1689"]
[PlyCount "69"]
[EventDate "2010.08.03"]
[EventType "swiss"]
[EventRounds "9"]
[EventCountry "USA"]
[SourceTitle "EXT 2012"]
[Source "ChessBase"]
[SourceDate "2011.11.24"]
[SourceVersion "1"]
[SourceVersionDate "2011.11.24"]
[SourceQuality "1"]

1. c4 b6 2. Nc3 Bb7 3. d4 e6 4. a3 f5 5. d5 Be7 6. Nf3 Bf6 7. Bd2 Ne7 8. Qc2 0-0 9. 0-0-0 exd5 10. cxd5 d6 11. e4 fxe4 12. Qxe4 Ng6 13. Bd3 Bc8 14. Nd4 Bxd4 15. Qxd4 Qf6 16. Qxf6 Rxf6 17. Ne4 Rf8 18. Ng5 a5 19. Ne6 Bxe6 20. dxe6 Re8 21. f4 Kh8 22. Rhf1 c6 23. Bc3 Ne7 24. Rde1 Na6 25. f5 Nd5 26. Bd2 Nc5 27. Bc2 a4 28. g4 Nb3+ 29. Bxb3 axb3 30. Rf3 c5 31. Rxb3 Ra6 32. Rd3 Nc7 33. Rxd6 Nb5 34. Rd7 Nd4 35. Bc3 1-0

[Event "San Francisco TNM Peter Grey op"]
[Site "San Francisco"]
[Date "2010.08.24"]
[Round "4"]
[White "Dembling, Arthur"]
[Black "Chen, Mingson"]
[Result "1/2-1/2"]
[WhiteElo "1738"]
[BlackElo "1911"]
[PlyCount "74"]
[EventDate "2010.08.03"]
[EventType "swiss"]
[EventRounds "9"]
[EventCountry "USA"]
[SourceTitle "EXT 2012"]
[Source "ChessBase"]
[SourceDate "2011.11.24"]
[SourceVersion "1"]
[SourceVersionDate "2011.11.24"]
[SourceQuality "1"]

1. e4 c5 2. Nf3 e6 3. d4 cxd4 4. Nxd4 a6 5. Nc3 Qc7 6. Bd3 b5 7. Be3 Bb7 8. 0-0 Ne7 9. Qd2 Nec6 10. Nde2 d6 11. f4 Nd7 12. Rac1 Be7 13. Ng3 h5 14. h3 h4 15. Nh1 g6 16. Nf2 f5 17. Ne2 Qa5 18. Qxa5 Nxa5 19. Nd4 Kf7 20. Nf3 Nc4 21. Bd4 Rhc8 22. Ng5+ Bxg5 23. fxg5 e5 24. Bc3 f4 25. Ng4 Ke6 26. Nf6 Ne3 27. Rf2 Nxf6 28. gxf6 Rf8 29. Bd2 Rxf6 30. Bxe3 fxe3 31. Rxf6+ Kxf6 32. Re1 Rf8 33. Rxe3 Kg5 34. Be2 Rc8 35. c3 Rc7 36. Bf3 Kf4 37. Kf2 Rd7 1/2-1/2

[Event "San Francisco TNM Spring op"]
[Site "San Francisco"]
[Date "2010.04.20"]
[Round "6"]
[White "Shakhnazarov, Oleg"]
[Black "Chen, Mingson"]
[Result "0-1"]
[WhiteElo "2208"]
[BlackElo "1923"]
[PlyCount "60"]
[EventDate "2010.03.16"]
[EventType "swiss"]
[EventRounds "8"]
[EventCountry "USA"]
[SourceTitle "EXT 2012"]
[Source "ChessBase"]
[SourceDate "2011.11.24"]
[SourceVersion "1"]
[SourceVersionDate "2011.11.24"]
[SourceQuality "1"]

1. d4 e6 2. Nf3 Nf6 3. Bf4 b6 4. e3 Bb7 5. Nbd2 c5 6. c3 Be7 7. Bd3 d5 8. h3 Nbd7 9. g4 h6 10. Rg1 Qc8 11. h4 g6 12. h5 g5 13. Bh2 Ba6 14. Bc2 Qc6 15. Ne5 Nxe5 16. Bxe5 0-0 17. f4 Ne4 18. Qb1 f6 19. Nxe4 dxe4 20. Bxe4 Qb5 21. Bf3 Rf7 22. Qc2 Rc8 23. 0-0-0 fxe5 24. Qg6+ Kf8 25. Qxh6+ Kg8 26. Qxe6 cxd4 27. exd4 Rxc3+ 28. Kb1 Rxf3 29. fxg5 Rf2 30. Qg6+ Kh8 0-1

[Event "San Francisco Summer TNM"]
[Site "San Francisco"]
[Date "2005.08.02"]
[Round "8"]
[White "Nochomovitz, Yigal"]
[Black "Chen, Mingson"]
[Result "1-0"]
[WhiteElo "1733"]
[BlackElo "1952"]
[PlyCount "34"]
[EventDate "2005.06.14"]
[EventType "swiss"]
[EventRounds "8"]
[EventCountry "USA"]
[SourceTitle "EXT 2007"]
[Source "ChessBase"]
[SourceDate "2006.11.23"]
[SourceVersion "1"]
[SourceVersionDate "2006.11.23"]
[SourceQuality "1"]

1. f4 g6 2. Nf3 Bg7 3. d3 Nc6 4. e4 d6 5. Be2 e5 6. c3 Nge7 7. 0-0 0-0 8. Qe1 f5 9. Qg3 d5 10. fxe5 fxe4 11. dxe4 dxe4 12. Bc4+ Kh8 13. Ng5 Rxf1+ 14. Bxf1 Qd1 15. Qh4 h5 16. Nf7+ Kg8 17. Nh6+ Kh7 1-0

[Event "San Francisco Summer TNM"]
[Site "San Francisco"]
[Date "2005.07.12"]
[Round "5"]
[White "Chen, Mingson"]
[Black "Salvo, Tab"]
[Result "0-1"]
[WhiteElo "1952"]
[BlackElo "1650"]
[PlyCount "28"]
[EventDate "2005.06.14"]
[EventType "swiss"]
[EventRounds "8"]
[EventCountry "USA"]
[SourceTitle "EXT 2007"]
[Source "ChessBase"]
[SourceDate "2006.11.23"]
[SourceVersion "1"]
[SourceVersionDate "2006.11.23"]
[SourceQuality "1"]

1. d4 Nf6 2. Nf3 g6 3. c4 Bg7 4. Nc3 d6 5. g3 0-0 6. Bg2 Na6 7. 0-0 c5 8. Re1 cxd4 9. Nxd4 Nc5 10. b3 Rb8 11. Bb2 a6 12. Qd2 Bd7 13. Rad1 Qa5 14. Nd5 Qd8 0-1